000 01290cam a2200289Ia 4500
001 sjds52233090
003 sjds
005 20220621162124.0
008 030513s2001 sp a j 000 1 spa d
020 _a8434810026 (pbk.)
020 _a9788434810020
040 _aWIF
_cWIF
_dTEF
_dCSP
041 _aspa
100 1 _aMateos, Pilar.
245 1 0 _aJeruso quiere ser gente /
_cPilar Mateos ; [ilustraciones, Alfonso Ruano].
250 _a14 ed.
260 _aMadrid :
_bEdiciones SM,
_c2000, c1982
300 _a108 p. :
_bcol. ill. ;
_c20 cm.
490 1 _aEl barco de vapor ;
_v10.
520 _aJeruso works as a bike messenger for a store. He dreams of directly working with the store's customers, but his boss refuses to let him. When getting ready to deliver a package to a customer, he notices that the package on his bicycle is gone. He suspects that some of the people from the neighborhood have stolen it. However, the people turn out to be nice and try to help him. Ultimately, Jeruso realizes that he had forgotten to pick up the package from the warehouse.
586 _aPremio El Barco de Vapor 1981.
586 _aPremio Lazarillo, 1982.
650 0 _aBicycle messengers
_vFiction.
700 1 _aRuano, Alfonso.
830 0 _aBarco de vapor.
_v10.
942 _cBK
999 _c27091
_d27091